Kolonel jihad : antara mitos dan realiti

Bibliographic Details
Main Author: Abdul Manaf bin Kasmuri
Format: Book
Published: Klang : Nur Ilham Publication , 2010
Subjects:

MARC

LEADER 00000cam a2200000 7i4500
001 0000145110
005 20110124.0
020 |a 9789675863004 
090 0 0 |a 923.509595   |b ABD 
100 0 |a Abdul Manaf bin Kasmuri 
245 1 0 |a Kolonel jihad :   |b antara mitos dan realiti   |c Abdul Manaf bin Kasmuri 
260 |a Klang :   |b Nur Ilham Publication ,   |c 2010 
300 |a 221p. ;   |c 21cm. 
650 0 0 |a Soldiers   |z Malaysia   |x Biography 
651 0 |a Malaysia   |x Armed Forces   |x Biography 
999 |a 00243393   |b BUKU   |c PINJAMAN   |e PERPUSTAKAAN KOMUNITI PETALING JAYA